| 000 | 00996nam a2200241Ia 4500 | ||
|---|---|---|---|
| 005 | 20240530110956.0 | ||
| 008 | 140319s1990 xx 000 0 ara d | ||
| 040 |
_aGCL / _cGCL |
||
| 082 | 0 | 4 |
_a370.1 / _bع ف _2الاولى |
| 100 | 1 | _aعبدالامير ز. شمس الدين | |
| 245 | 1 | 0 |
_aالفكر التربوى عند ابن سحنون والقابسى / _cتاليف عبدالامير ز. شمس الدين ، عبدالحميد فايد |
| 250 | _aالاولى | ||
| 260 |
_aبيروت : _bالشركة العالمية للكتاب ، _c1990 |
||
| 300 |
_a215 ص ؛ _c24 سم |
||
| 490 |
_aموسوعة التربية والتعليم الاسلامية - قطاع الفقهاء _v0 |
||
| 650 | 0 | 4 | _aالتربية |
| 650 | 0 | 4 | _aالفكر العربى الاسلامى |
| 650 | 0 | 4 | _aالتربية الفقهية |
| 650 | 0 | 4 | _aالمعلمين |
| 700 | _aعبدالحميد فايد | ||
| 942 |
_2ddc _cBK |
||
| 999 |
_c67102 _d67102 |
||